The Life, adventures & piracies of the famous Captain Singleton. With an Introduction by Theodore Watts Dunton
Saved in:
| Main Author: | |
|---|---|
| Format: | Book |
| Language: | English |
| Published: |
Londres
Oxford U. Press
1907
|
| Edition: | 3a. ed |
| Series: | World's Classics, 82
|
| Subjects: | |
| Tags: |
Add Tag
No Tags, Be the first to tag this record!
|
MARC
| LEADER | 00000nam a2200000 a 4500 | ||
|---|---|---|---|
| 001 | UCJ7966 | ||
| 003 | CL-VaPUC | ||
| 008 | 070124e19070000UK |||||||||||||||||eng|d | ||
| 082 | 0 | 4 | |a 823 |b DEF |2 21 |
| 100 | |a Defoe, Daniel |e author |9 338739 | ||
| 245 | 1 | 4 | |a The Life, adventures & piracies of the famous Captain Singleton. With an Introduction by Theodore Watts Dunton |
| 250 | |a 3a. ed | ||
| 300 | |a xxii, 302 p | ||
| 942 | |c BK | ||
| 945 | |d 20070124 00:00:00 |a rinostro | ||
| 260 | |a Londres |b Oxford U. Press |c 1907 | ||
| 650 | 7 | |a NOVELA INGLESA |2 CL-VaPUC |9 309260 | |
| 650 | 0 | |a Crítica literaria |9 269189 | |
| 583 | |a last modification |c 20070124 00:00:00 |k Rodrigo Vera | ||
| 490 | 0 | |a World's Classics, 82 | |
| 999 | |c 323826 |d 323824 | ||
| 952 | |0 0 |1 0 |4 0 |6 823_000000000000000_DEF_1907 |7 0 |8 X |9 403646 |a FDOBUD |b FDOBUD |d 2019-11-22 |i 1070932 |o 823 DEF 1907 |p 1070932 |r 2019-11-22 |w 2019-11-22 |y BK_X |k BUD | ||